The sense of beauty: being the outline of aesthetic theory

Salvato in:
Dettagli Bibliografici
Autore principale: Santayana, George (Autore)
Natura: Libro
Lingua:inglese
Pubblicazione: Nueva York Collier Books 1961
Soggetti:
Tags: Aggiungi Tag
Nessun Tag, puoi essere il primo ad aggiungerne!!

MARC

LEADER 00000nam a2200000 a 4500
001 UCZ3702
003 CL-VaPUC
008 951027e19610000US |||||||||||||||||eng|d
082 0 4 |a 111.85  |b SAN  |2 21 
100 |a Santayana, George  |e author  |9 347541 
245 1 4 |a The sense of beauty: being the outline of aesthetic theory 
300 |a 190 p 
942 |c BK 
945 |d 19951027 00:00:00  |a cmena 
260 |a Nueva York  |b Collier Books  |c 1961 
650 0 |a Estética   |9 264950 
650 0 |a Artes  |9 268202 
650 0 |a Creación artística   |9 266215 
650 0 |a Filosofía   |9 223554 
650 0 |a Naturaleza humana   |9 308593 
583 |a last modification  |c 19951027 00:00:00  |k Rodrigo Vera 
999 |c 240151  |d 240149 
952 |0 0  |1 0  |4 0  |6 111_850000000000000_SAN_1961  |7 0  |8 P  |9 251863  |a BIBEDU  |b BIBEDU  |c BIBEDU_PB  |d 2019-11-18  |i 158801K  |o 111.85 SAN 1961  |p 158801K  |r 2024-01-25  |w 2019-11-18  |y BK  |k FIL